Ταξιδιωτικά και γεωγραφικά κείμενα για τη νήσο Λήμνο (15ος-20ος αιώνας)
Αποθηκεύτηκε σε:
| Κύριος συγγραφέας: | |
|---|---|
| Μορφή: | Βιβλίο |
| Γλώσσα: | Greek |
| Δημοσίευση: |
Θεσσαλονίκη :
Α.Π.Θ.,
1986.
|
| Θέματα: | |
| Ετικέτες: |
Προσθήκη ετικέτας
Δεν υπάρχουν, Καταχωρήστε ετικέτα πρώτοι!
|
MARC
| LEADER | 00000cam a2200000 i 4500 | ||
|---|---|---|---|
| 001 | 1/29251 | ||
| 008 | 130429s1986 gr | ||| |||| ||gre|| | ||
| 035 | |l 10114343 | ||
| 040 | |a GR-MyUa |b gre |e ΑΑCR2 | ||
| 041 | 0 | |a gre | |
| 082 | 7 | |a 910.4094958 |2 (22) | |
| 100 | 1 | |a Τουρπτσόγλου-Στεφανίδου, Βασιλική. | |
| 245 | 1 | 0 | |a Ταξιδιωτικά και γεωγραφικά κείμενα για τη νήσο Λήμνο (15ος-20ος αιώνας) / |c Βασιλική Τουρπτσόγλου-Στεφανίδου. |
| 260 | |a Θεσσαλονίκη : |b Α.Π.Θ., |c 1986. | ||
| 300 | |a 690 σ. : |b εικ. ; |c 24 εκ. | ||
| 500 | |a Άνω του τίτλου: Αριστοτέλειο Πανεπιστήμιο Θεσσαλονίκης. Επιστημονική επετηρίδα της Πολυτεχνικής Σχολής. Παράρτημα αριθμ. 33 του Θ' τόμου. | ||
| 504 | |a Βιβλιογραφία: σ. 637-650. Περιλαμβάνει ευρετήριο. | ||
| 651 | 0 | |a Limnos (Greece : Municipality) |x Description and travel. | |
| 651 | 0 | |a Limnos (Greece : Municipality) |x History. | |
| 852 | |a INST |b LEMNOS |e 20130429 |h 910.4094958 ΤΟΥ |p 005600000810 |q 005600000810 |t BK |y 0 | ||
| 901 | |a BIBL6-2013-1 | ||
| 970 | |a ΤΣΟΥΚΑΛΑ |b ΑΛΙΚΗ |z 2013/01/ | ||